Most valuable footballer from each country #04 - Statistics

General Stats
  • This quiz has been taken 14 times
  • The average score is 1 of 16
Answer Stats
Picture Answer % Correct
Scott McTominay
75%
Renat Dadashov
25%
Iker Alvarez
17%
M'Bala Nzola
17%
Abubeker Nasir
0%
Ali Madan
0%
Eduard Spertsyan
0%
Farshad Noor
0%
Gregor Breinburg
0%
Harry Souttar
0%
Ilya Shkurin
0%
Mahlom Romeo
0%
MIchael Salazar
0%
Steve Mounie
0%
Tariq Kazi
0%
Thierry Gale
0%
No matching quizzes found
Score Distribution
Percent of People with Each Score
Percentile by Number Answered
Your Score History
You have not taken this quiz